000
00264nam a22001217a 4500
040
_c
SK
082
_a
591
100
_a
គី វណ្ណារិទ្ធ
245
_a
Systematic aquatic zoology
260
_a
RUA
_b
គី
_c
2000
300
_a
65p.
942
_c
KB
999
_c
9037
_d
9037